| 000 | 01044cam a2200265 a 4500 | ||
|---|---|---|---|
| 001 | 16831713 | ||
| 005 | 20150105115857.0 | ||
| 008 | 110617t2012 xxua frbf 000 0 eng d | ||
| 010 | _a2011025295 | ||
| 020 | _a0132883708 (pbk. : alk. paper) | ||
| 020 | _a9780132883702 (pbk. : alk. paper) | ||
| 040 |
_aDLC _cDLC _dDLC _dEG-ScBUE |
||
| 082 | 0 | 0 |
_a658.003 _222 _bHIL |
| 100 | 1 |
_aHill, Arthur V. _937046 |
|
| 245 | 1 | 4 |
_aThe encyclopedia of operations management : _ba field manual and glossary of operations management terms and concepts / _cArthur V. Hill ; consulting editor Barry Render. |
| 260 |
_aUpper Saddle River, United States : _bFT Press, _bPearson Education, _cc.2012. |
||
| 300 |
_a400 p. : _bill. ; _c28 cm. |
||
| 504 | _abibliography : p. 394-400. | ||
| 650 | 0 |
_aBusiness logistics _vHandbooks, manuals, etc. _937047 |
|
| 650 | 0 |
_aProduction management _vHandbooks, manuals, etc. _910053 |
|
| 653 |
_bBUSADM _cJanuary2015 |
||
| 655 |
_vreading book _934232 |
||
| 700 |
_aRender, Barry _94444 _eeditor. |
||
| 942 |
_2ddc _k658.003 HIL |
||
| 999 |
_c18824 _d18796 |
||